00540 2200193 4500001002100000005001700021008004100038020001800079035002500097041000700122082000800129090001400137100002100151245005200172260003400224300003000258650003900288700001900327INLIS0000000000040980:yyyyMMddHHmmss180719||||||||| | ||| |||| || |  a979-3723-59-9 a0010-031300000004098 aid0 a909 a909 LEK k0 aRobert Lekachman00aKapitalisme : Teori dan sejarah perkembangannya aYogyakartabResist Bookc2008 a177 hlm, i-ii, 14 x 21 cm 0akapitalisme -- ekonomi dan politik0 aBorin van Loon